Statistics for World's most and least transparent governments.

Click here to take the quiz!

General Stats

  • This quiz has been taken 19 times
  • The average score is 10 of 20

Answer Stats

TransparencyCountry% Correct
4.52Finland
84%
4.66Sweden
84%
-0.91Iran
74%
-1.54Afghanistan
63%
4.79Austria
63%
-1.2Central African Republic
63%
-1.72Chad
58%
-1.27Niger
58%
4.93Spain
58%
4.65Portugal
53%
4.83Italy
47%
-6.68Somalia
47%
4.88Poland
42%
-0.89United Arab Emirates
37%
5.48Hungary
32%
5.64Bulgaria
26%
-1.22Burkina Faso
26%
-0.95Mauritania
21%
-1.28Madagascar
16%
5.02Romania
16%

Score Distribution

Percentile by Number Answered

Percent of People with Each Score

Your Score History

You have not taken this quiz